00492cam a22001217a 4500008004000000082001600040245012100056260008600177300001000263440003700273650003000310700003000340180718b2004 xxu||||| |||| 00| 0 eng d aK12x94 C762 aConnecting government: whole of government responses to Australian priority challengescby Commonwealth of Australia aCanberrabDepartment of Communications, Information Technology and the Artsc2004 a254p. aManagement Advisory Committee, 4 aCivil service - Australia aCommonwealth of Australia